Využitie VANET v sieťovej prevádzke

Enregistré dans:
Détails bibliographiques
Auteur principal: Varmuža, Tomáš (Auteur)
Autres auteurs: Baroňák, Ivan (Directeur de thèse)
Format: Manuscrit Livre
Langue:slovaque
Publié: Bratislava : STU v Bratislave FEI, 2025
Sujets:
Accès en ligne:https://opac.crzp.sk/?fn=detailBiblioFormChildC6B21&sid=8D80AD18777FCC7F65B4B14DC29E&seo=CRZP-detail-kniha
Tags: Ajouter un tag
Pas de tags, Soyez le premier à ajouter un tag!

MARC

LEADER 00000ntm a22000003a 4500
001 stuzp102084
003 SK-STU
005 20260206104657.9
007 ta
008 150427s2015----xo-----f-mn---000-0-slo-d
040 |a STU  |b slo 
041 0 |a slo 
044 |a xo 
100 1 |a Varmuža, Tomáš  |u 037000  |4 aut  |U FEI Fakulta elektrotechniky a informatiky  |T FEI Ústav multimediálnych informačných a komunikačných technológií  |X 120617  |U E070  |Y 818  |7 120617 
242 0 1 |a Utilization of VANET in Network Traffic  |y eng 
245 1 0 |a Využitie VANET v sieťovej prevádzke 
260 |a Bratislava :  |b STU v Bratislave FEI,  |c 2025 
300 |a 59 s. 
650 4 |a doprava  |2 slo 
650 4 |a bezpečnosť  |2 slo 
650 4 |a VANET  |2 slo 
650 4 |a riadenie  |2 slo 
650 4 |a IZS  |2 slo 
650 4 |a komunikácia  |2 slo 
650 4 |a communication  |2 eng 
650 4 |a traffic  |2 eng 
650 4 |a safety  |2 eng 
650 4 |a VANET  |2 eng 
650 4 |a managment  |2 eng 
650 4 |a EMS  |2 eng 
700 1 |a Baroňák, Ivan  |u 037000  |k Z1  |4 ths  |U FEI Fakulta elektrotechniky a informatiky  |T FEI Ústav multimediálnych informačných a komunikačných technológií  |X 1925  |U E070  |Y 818  |7 A000001925 
856 4 |u https://opac.crzp.sk/?fn=detailBiblioFormChildC6B21&sid=8D80AD18777FCC7F65B4B14DC29E&seo=CRZP-detail-kniha